[Event "Tata Steel India Blitz"]
[Site "Kolkata IND"]
[Date "2026.01.10"]
[Round "9.1"]
[White "Wei, Yi"]
[Black "Nihal, Sarin"]
[Result "0-1"]
[WhiteTitle "GM"]
[BlackTitle "GM"]
[WhiteElo "2754"]
[BlackElo "2716"]
[WhiteFideId "8603405"]
[BlackFideId "25092340"]
[EventDate "2026.01.10"]

1. d4 e6 2. e4 d5 3. Nc3 Bb4 4. e5 c5 5. a3 Bxc3+ 6. bxc3 Qc7 7. h4 Ne7 8. h5 h6
9. Rh3 Bd7 10. Qg4 Nf5 11. Bd2 Nc6 12. Nf3 O-O-O 13. Qf4 Rhf8 14. g4 Nfe7 15.
dxc5 f6 16. exf6 e5 17. Qg3 gxf6 18. Be2 Rg8 19. Nh4 f5 20. Bxh6 f4 21. Qg1 Qa5
22. Kf1 Kb8 23. Rb1 Ka8 24. Rh2 Qxc3 25. g5 Bh3+ 26. Rxh3 Qxh3+ 27. Qg2 Qxh4 28.
Rb3 f3 29. Rxf3 Qxh5 30. Rf6 Qh4 31. Qg4 Qh1+ 32. Qg1 Qh3+ 33. Qg2 Qxa3 34. Qg4
Ng6 35. Rf7 Nf4 36. Rxf4 Qc1+ 37. Kg2 Qxf4 38. Qxf4 exf4 0-1

[Event "Tata Steel India Blitz"]
[Site "Kolkata IND"]
[Date "2026.01.10"]
[Round "9.2"]
[White "Niemann, Hans Moke"]
[Black "Aravindh, Chithambaram VR."]
[Result "1-0"]
[WhiteTitle "GM"]
[BlackTitle "GM"]
[WhiteElo "2725"]
[BlackElo "2700"]
[WhiteFideId "2093596"]
[BlackFideId "5072786"]
[EventDate "2026.01.10"]

1. e4 c5 2. Nf3 d6 3. d4 cxd4 4. Nxd4 Nf6 5. Nc3 Nbd7 6. Be3 a6 7. f3 h5 8. Qd2
e6 9. O-O-O b5 10. a3 Bb7 11. Kb1 Rc8 12. Be2 Be7 13. h4 Ne5 14. Rh3 d5 15. exd5
Nxd5 16. Nxd5 Bxd5 17. Bg5 Bf6 18. Nf5 O-O 19. Ne3 Bb7 20. Qb4 Qb6 21. f4 Nc6
22. Qe1 Bd4 23. Bxh5 b4 24. Nc4 Qc5 25. Be2 a5 26. a4 Ba6 27. b3 Rfe8 28. Bd3 f6
29. Qe4 fxg5 30. hxg5 Kf7 31. Re1 Bc3 32. Qg6+ Ke7 33. Qxe6+ Kd8 34. Qxe8+ Kc7
35. Qf7+ Kb8 36. Rc1 Rc7 37. Qe6 Bc8 38. Qd6 Qxd6 39. Nxd6 Bxh3 40. gxh3 Re7 41.
Ne4 Bd4 42. Rf1 Kc7 43. h4 Re8 44. h5 Rh8 45. Be2 Ne7 46. Rd1 Bb6 47. Bg4 Rf8
48. Rd7+ Kc6 49. Rxe7 Rxf4 50. Re6+ Kc7 51. Be2 Rh4 52. Nd6 Rh1+ 53. Ka2 Kd7 54.
Bg4 Rg1 55. Nc4 Bd4 56. Rd6+ 1-0

[Event "Tata Steel India Blitz"]
[Site "Kolkata IND"]
[Date "2026.01.10"]
[Round "9.3"]
[White "Praggnanandhaa, R"]
[Black "So, Wesley"]
[Result "1/2-1/2"]
[WhiteTitle "GM"]
[BlackTitle "GM"]
[WhiteElo "2758"]
[BlackElo "2753"]
[WhiteFideId "25059530"]
[BlackFideId "5202213"]
[EventDate "2026.01.10"]

1. c4 e6 2. Nc3 d5 3. d4 Be7 4. cxd5 exd5 5. Bf4 Nf6 6. e3 O-O 7. Bd3 c5 8. dxc5
Bxc5 9. Nf3 Nc6 10. O-O Bg4 11. h3 Bxf3 12. Qxf3 d4 13. Ne4 Nxe4 14. Bxe4 Qe7
15. Rac1 dxe3 16. fxe3 Bb6 17. Bxc6 bxc6 18. Rxc6 Rac8 19. Rfc1 Rxc6 20. Rxc6 h6
21. Kh2 Re8 22. Qg3 Kh7 23. Qf3 Bxe3 24. Rc7 Qf6 25. Bxe3 Qxf3 26. gxf3 Rxe3 27.
Rxa7 Re2+ 28. Kg3 Rxb2 29. Rxf7 1/2-1/2

[Event "Tata Steel India Blitz"]
[Site "Kolkata IND"]
[Date "2026.01.10"]
[Round "9.4"]
[White "Vidit, Santosh Gujrathi"]
[Black "Erigaisi, Arjun"]
[Result "0-1"]
[WhiteTitle "GM"]
[BlackTitle "GM"]
[WhiteElo "2708"]
[BlackElo "2775"]
[WhiteFideId "5029465"]
[BlackFideId "35009192"]
[EventDate "2026.01.10"]

1. d4 Nf6 2. c4 g6 3. Nc3 Bg7 4. e4 d6 5. Nf3 O-O 6. Be2 e5 7. O-O h6 8. Re1 a5
9. h3 exd4 10. Nxd4 Re8 11. Bd3 Nc6 12. Ndb5 Bd7 13. Be3 Nb4 14. Bb1 g5 15. f3
Nh5 16. Nd4 Be5 17. Qd2 c6 18. a3 Na6 19. Bc2 Qf6 20. Nce2 Nc5 21. b4 Ne6 22.
bxa5 Nhf4 23. Rab1 Nxd4 24. Nxd4 c5 25. Nb5 Bxb5 26. cxb5 Bc3 27. Qf2 Bxe1 28.
Qxe1 d5 29. Bxc5 Rac8 30. Qf2 d4 31. Bb4 d3 32. Bd1 Rc2 33. Bxc2 Ne2+ 34. Kh1
dxc2 35. Re1 c1=Q 36. Rxc1 Nxc1 37. Qe3 Rc8 38. Bc5 Ne2 39. e5 Ng3+ 40. Kg1 Qg6
41. e6 fxe6 42. Qe5 Qf5 43. Bd4 Qxe5 44. Bxe5 Rc5 45. Bxg3 Rxb5 46. Bc7 Kf7 47.
Kf2 e5 48. Kg3 Kg6 49. h4 Kf5 50. hxg5 hxg5 51. Bb6 Rd5 52. Kf2 Rd2+ 53. Kg3 Rc2
54. Bd8 Rc3 55. Kf2 Rxa3 56. Bb6 Kf4 57. g3+ Kf5 58. Bc7 Rc3 59. Bb6 e4 60.
fxe4+ Kxe4 61. Kg2 g4 62. Kf2 Rc2+ 63. Ke1 Kf3 0-1

[Event "Tata Steel India Blitz"]
[Site "Kolkata IND"]
[Date "2026.01.10"]
[Round "9.5"]
[White "Murzin, Volodar"]
[Black "Anand, Viswanathan"]
[Result "0-1"]
[WhiteTitle "GM"]
[BlackTitle "GM"]
[WhiteElo "2652"]
[BlackElo "2743"]
[WhiteFideId "44155573"]
[BlackFideId "5000017"]
[EventDate "2026.01.10"]

1. d4 d5 2. Nf3 Nf6 3. Bf4 c5 4. e3 Qb6 5. Qc1 Nc6 6. c3 Bf5 7. Nbd2 e6 8. Be2
Be7 9. O-O O-O 10. a3 cxd4 11. exd4 Rac8 12. Re1 Ne4 13. Be3 Nxd2 14. Nxd2 a6
15. Ra2 Qc7 16. Qd1 Bd6 17. Nf1 Na5 18. Bg5 b5 19. Bh4 Qb7 20. Bg3 Be7 21. Ne3
Bg6 22. h4 Nc4 23. Nf1 h6 24. h5 Bh7 25. Bf4 a5 26. Bxc4 bxc4 27. Ne3 Rfe8 28.
Re2 Qb6 29. Rd2 Bd6 30. Qg4 Bxf4 31. Qxf4 Qb8 32. Qh4 Rc7 33. Nd1 Rb7 34. Ra1
Qd8 35. Qxd8 Rxd8 36. f3 Rdb8 37. Kf2 f6 38. Ke3 Kf7 39. g3 Ke7 40. Rc1 Bg8 41.
Rh2 Bf7 42. Rcc2 Be8 43. Kd2 Ba4 0-1

[Event "Tata Steel India Blitz"]
[Site "Kolkata IND"]
[Date "2026.01.11"]
[Round "10.1"]
[White "Murzin, Volodar"]
[Black "Erigaisi, Arjun"]
[Result "0-1"]
[WhiteTitle "GM"]
[BlackTitle "GM"]
[WhiteElo "2652"]
[BlackElo "2775"]
[WhiteFideId "44155573"]
[BlackFideId "35009192"]
[EventDate "2026.01.10"]

1. e4 c5 2. Nf3 d6 3. Bb5+ Nd7 4. Ba4 Nf6 5. O-O e6 6. d3 Be7 7. c4 O-O 8. Nc3
a6 9. h3 Ne5 10. Nh2 Bd7 11. Bxd7 Nfxd7 12. f4 Nc6 13. Nf3 Bf6 14. Be3 Qa5 15.
Bd2 Qc7 16. Rc1 Rab8 17. b3 b5 18. Ne2 Rfd8 19. g4 bxc4 20. dxc4 Nb4 21. g5 Be7
22. Ra1 Qb7 23. Ng3 d5 24. cxd5 exd5 25. e5 c4 26. f5 Qc7 27. Bf4 Nd3 28. Be3
N7xe5 29. Nd4 Bc5 30. Nh5 Nc6 31. Qg4 Re8 32. Nf6+ Kh8 33. Nxe8 Rxe8 34. f6 Rxe3
35. fxg7+ Kg8 36. Kh1 Bxd4 0-1

[Event "Tata Steel India Blitz"]
[Site "Kolkata IND"]
[Date "2026.01.11"]
[Round "10.2"]
[White "Wei, Yi"]
[Black "Anand, Viswanathan"]
[Result "1-0"]
[WhiteTitle "GM"]
[BlackTitle "GM"]
[WhiteElo "2754"]
[BlackElo "2743"]
[WhiteFideId "8603405"]
[BlackFideId "5000017"]
[EventDate "2026.01.10"]

1. Nf3 d5 2. c4 d4 3. b4 c5 4. Bb2 Nf6 5. g3 Nbd7 6. Bg2 e5 7. O-O cxb4 8. e3
dxe3 9. fxe3 Bd6 10. d4 exd4 11. exd4 O-O 12. Nbd2 a5 13. c5 Be7 14. Nh4 Re8 15.
Nf5 Bf8 16. Nc4 Ra6 17. Ncd6 Bxd6 18. Nxd6 Rxd6 19. cxd6 Nb6 20. d5 Qxd6 21.
Bxf6 gxf6 22. Qd4 Re5 23. Rad1 Bf5 24. Qf4 Kg7 25. Kh1 Nd7 26. Qc4 Bg6 27. Qb5
b6 28. Qc6 Qe7 29. d6 Qe6 30. Qc7 Re2 31. Rg1 a4 32. Qc6 b3 33. axb3 axb3 34.
Bd5 Qg4 35. Bf3 Be4 36. Qxe4 Qxe4 37. Bxe4 Rxe4 38. Rd3 Rb4 39. Rb1 b2 40. Rd2
f5 41. Rbxb2 Re4 42. Rbc2 Kf6 43. Rc8 b5 44. Rd8 Ke6 45. Re8+ Kf6 46. Rxe4 fxe4
47. Rb2 Ke6 48. Rxb5 Kxd6 49. Kg2 Ke6 50. g4 Ne5 51. Kg3 e3 52. Rb3 Nc4 53. Rd3
f5 54. gxf5+ Kxf5 55. Rd4 Ne5 56. Rf4+ Kg5 57. Re4 Ng6 58. Rxe3 h5 59. Ra3 h4+
60. Kf3 Ne5+ 61. Ke4 Ng6 62. h3 Kf6 63. Ra5 Ke6 64. Rf5 Ke7 65. Kf3 Ke6 66. Kg4
Ne5+ 67. Kg5 Nf7+ 68. Kf4 Nh8 69. Kg4 Nf7 70. Ra5 Kf6 71. Kxh4 Kg6 72. Kg4 1-0

[Event "Tata Steel India Blitz"]
[Site "Kolkata IND"]
[Date "2026.01.11"]
[Round "10.3"]
[White "Vidit, Santosh Gujrathi"]
[Black "So, Wesley"]
[Result "0-1"]
[WhiteTitle "GM"]
[BlackTitle "GM"]
[WhiteElo "2708"]
[BlackElo "2753"]
[WhiteFideId "5029465"]
[BlackFideId "5202213"]
[EventDate "2026.01.10"]

1. d4 Nf6 2. c4 e6 3. Nc3 Bb4 4. e3 O-O 5. Bd3 d5 6. Nf3 dxc4 7. Bxc4 c5 8. O-O
cxd4 9. exd4 b6 10. Bg5 Bb7 11. Qe2 Bxc3 12. bxc3 Nbd7 13. Rac1 Qc7 14. Nd2 Nd5
15. Bxd5 exd5 16. Rfe1 Qc6 17. Qg4 Rfe8 18. Nf1 Nf8 19. Ne3 Qg6 20. Qg3 Ne6 21.
Bf4 Rac8 22. Qxg6 hxg6 23. Bg3 f6 24. f3 Kf7 25. Kf2 Red8 26. Ke2 Ba6+ 27. Kd2
Bc4 28. a4 Rc6 29. Ra1 g5 30. Reb1 Rdc8 31. Ra3 Nf4 32. Bxf4 gxf4 33. Nxc4 Rxc4
34. a5 R8c6 35. axb6 axb6 36. Rbb3 Re6 37. Ra7+ Kg6 38. Rd7 Ra4 39. Rb2 Ra5 40.
g3 Re3 41. gxf4 Rxf3 42. Rd6 Rf2+ 43. Kc1 Ra1+ 0-1

[Event "Tata Steel India Blitz"]
[Site "Kolkata IND"]
[Date "2026.01.11"]
[Round "10.4"]
[White "Praggnanandhaa, R"]
[Black "Niemann, Hans Moke"]
[Result "1-0"]
[WhiteTitle "GM"]
[BlackTitle "GM"]
[WhiteElo "2758"]
[BlackElo "2725"]
[WhiteFideId "25059530"]
[BlackFideId "2093596"]
[EventDate "2026.01.10"]

1. c4 Nf6 2. Nc3 c5 3. g3 d5 4. cxd5 Nxd5 5. Bg2 Nc7 6. d3 e5 7. Be3 Be7 8. Rc1
O-O 9. Na4 b6 10. Bxa8 Nxa8 11. Nf3 Nc6 12. O-O Nc7 13. a3 Bb7 14. b4 cxb4 15.
axb4 Bxb4 16. Qb3 Nd5 17. Rc2 Nxe3 18. fxe3 Be7 19. e4 Nd4 20. Nxd4 Qxd4+ 21.
Kg2 Qd7 22. Nc3 Bc5 23. Nd5 Kh8 24. Ra2 Bc6 25. Rfa1 Qg4 26. h3 Qh5 27. Rf1 f5
28. Rf3 f4 29. Rxa7 h6 30. Ne7 Be8 31. Qe6 Kh7 32. Nf5 Bf7 33. Qxe5 Qg6 34. Rxf4
Re8 35. Qc7 Rf8 36. Rg4 1-0

[Event "Tata Steel India Blitz"]
[Site "Kolkata IND"]
[Date "2026.01.11"]
[Round "10.5"]
[White "Aravindh, Chithambaram VR."]
[Black "Nihal, Sarin"]
[Result "1/2-1/2"]
[WhiteTitle "GM"]
[BlackTitle "GM"]
[WhiteElo "2700"]
[BlackElo "2716"]
[WhiteFideId "5072786"]
[BlackFideId "25092340"]
[EventDate "2026.01.10"]

1. e4 e5 2. Bc4 Nf6 3. Nc3 Bc5 4. d3 O-O 5. Nf3 d6 6. O-O c6 7. Bb3 Bb6 8. h3 h6
9. Be3 Re8 10. Qd2 Be6 11. Ne2 Nbd7 12. Ng3 d5 13. Rad1 Qe7 14. Bxb6 axb6 15.
exd5 Bxd5 16. Bxd5 Nxd5 17. a3 Qf6 18. Rfe1 Rad8 19. Kh2 Nf8 20. Re4 Ng6 21.
Rde1 Re7 22. c4 Ndf4 23. d4 exd4 24. Rxf4 Nxf4 25. Rxe7 Qxe7 26. Qxf4 d3 27. Nd2
Qe6 28. Nge4 Rd4 29. Qe3 c5 30. Qf3 f5 31. Ng3 g6 32. Qxb7 Qd6 33. Kg1 Qe6 34.
Ngf1 f4 35. b4 h5 36. bxc5 bxc5 37. a4 Qd7 38. Qb8+ Kh7 39. a5 Qd6 40. Qb7+ Qd7
41. Qb6 Qd6 42. Qb5 Qc7 43. Nf3 Rd6 44. N1d2 Kh6 45. Qe8 Qd8 46. Qe5 Qf6 47.
Qxc5 Re6 48. Qc8 g5 49. h4 g4 50. Ng5 Re1+ 51. Kh2 g3+ 52. fxg3 fxg3+ 53. Kh3
Rh1+ 54. Kxg3 Qe5+ 55. Kf3 Qe2+ 56. Kg3 Qe1+ 57. Kf3 Qe2+ 58. Kg3 Qe1+ 59. Kf3 1/2-1/2

[Event "Tata Steel India Blitz"]
[Site "Kolkata IND"]
[Date "2026.01.11"]
[Round "11.1"]
[White "Praggnanandhaa, R"]
[Black "Aravindh, Chithambaram VR."]
[Result "1-0"]
[WhiteTitle "GM"]
[BlackTitle "GM"]
[WhiteElo "2758"]
[BlackElo "2700"]
[WhiteFideId "25059530"]
[BlackFideId "5072786"]
[EventDate "2026.01.10"]

1. d4 Nf6 2. c4 e6 3. Nf3 b6 4. a3 Bb7 5. Nc3 Ne4 6. Nxe4 Bxe4 7. Bf4 Be7 8. e3
O-O 9. Bd3 Bxd3 10. Qxd3 d6 11. O-O Nd7 12. Rad1 Bf6 13. Qc2 Qe7 14. e4 e5 15.
Be3 exd4 16. Nxd4 Rfe8 17. f3 Bxd4 18. Bxd4 Ne5 19. b3 a5 20. Bb2 f6 21. Rd5 Qf7
22. Rfd1 Re7 23. h3 Rae8 24. Kh2 h6 25. b4 axb4 26. axb4 c6 27. R5d4 b5 28. cxb5
cxb5 29. Rd5 Nc4 30. Bd4 Rb7 31. Ra1 Qc7 32. Qd3 Qc6 33. Bf2 Rbe7 34. Bg3 Rd7
35. Qd4 Ne5 36. Rd1 Qc2 37. Rd2 Qc1 38. Rxd6 Rxd6 39. Qxd6 Ra8 40. Bxe5 fxe5 41.
Qd5+ Kh7 42. Rd1 Qf4+ 43. Kh1 Ra3 44. Qd7 Rxf3 1-0

[Event "Tata Steel India Blitz"]
[Site "Kolkata IND"]
[Date "2026.01.11"]
[Round "11.2"]
[White "So, Wesley"]
[Black "Murzin, Volodar"]
[Result "1-0"]
[WhiteTitle "GM"]
[BlackTitle "GM"]
[WhiteElo "2753"]
[BlackElo "2652"]
[WhiteFideId "5202213"]
[BlackFideId "44155573"]
[EventDate "2026.01.10"]

1. e4 c6 2. d4 d5 3. e5 Bf5 4. Nd2 e6 5. Nb3 Ne7 6. Nf3 Bg6 7. Be2 Nf5 8. O-O
Be7 9. g4 Nh6 10. h3 O-O 11. c3 Nd7 12. Be3 Rc8 13. Ne1 Kh8 14. Ng2 f6 15. exf6
Bxf6 16. f4 Be4 17. Nd2 Nf7 18. Nxe4 dxe4 19. Qc2 Nd6 20. Rad1 b5 21. b3 Be7 22.
c4 bxc4 23. bxc4 c5 24. d5 exd5 25. Rxd5 Nb6 26. Re5 Re8 27. Rd1 Bf8 28. Rxc5
Rxc5 29. Bxc5 Qc7 30. Bf2 Nb7 31. Kh2 Bc5 32. Bg3 Bd6 33. Qc3 Na4 34. Qe3 Nac5
35. f5 Bxg3+ 36. Qxg3 Qa5 37. a3 e3 38. g5 Ne4 39. Qxe3 Qxf5 40. Bf3 Nbc5 41.
Rd5 Qf8 42. Qf4 Qe7 43. h4 Rf8 44. Qe5 Qxe5+ 45. Rxe5 Nd2 46. Rxc5 Nxf3+ 47. Kg3
Nd4 48. Rd5 Ne2+ 49. Kg4 Kg8 50. Rd2 Rf2 51. Ne1 Rf4+ 52. Kh3 Re4 53. Nf3 Nf4+
54. Kg3 Rxc4 55. Rd8+ Kf7 56. Ne5+ Ke7 57. Nxc4 1-0

[Event "Tata Steel India Blitz"]
[Site "Kolkata IND"]
[Date "2026.01.11"]
[Round "11.3"]
[White "Erigaisi, Arjun"]
[Black "Wei, Yi"]
[Result "1/2-1/2"]
[WhiteTitle "GM"]
[BlackTitle "GM"]
[WhiteElo "2775"]
[BlackElo "2754"]
[WhiteFideId "35009192"]
[BlackFideId "8603405"]
[EventDate "2026.01.10"]

1. d4 Nf6 2. c4 e6 3. Nf3 d5 4. Nc3 c5 5. cxd5 cxd4 6. Qa4+ Bd7 7. Qxd4 exd5 8.
Nxd5 Qa5+ 9. Nc3 Nc6 10. Qd1 Ne4 11. Bd2 Nxd2 12. Nxd2 Rd8 13. e3 Bb4 14. Qc1
O-O 15. a3 Bxc3 16. Qxc3 Qxc3 17. bxc3 Na5 18. Rb1 Rc8 19. c4 Be6 20. Bd3 Nxc4
21. Bxc4 Bxc4 22. Nxc4 Rxc4 23. O-O b6 24. Rfd1 Rfc8 25. g3 Kf8 26. Kg2 Ke7 27.
Rb5 R8c5 28. Rb2 Rc2 29. Rb4 R5c4 30. Rb5 Rc5 31. Rb4 R5c4 32. Rb5 Rc5 1/2-1/2

[Event "Tata Steel India Blitz"]
[Site "Kolkata IND"]
[Date "2026.01.11"]
[Round "11.4"]
[White "Anand, Viswanathan"]
[Black "Nihal, Sarin"]
[Result "0-1"]
[WhiteTitle "GM"]
[BlackTitle "GM"]
[WhiteElo "2743"]
[BlackElo "2716"]
[WhiteFideId "5000017"]
[BlackFideId "25092340"]
[EventDate "2026.01.10"]

1. e4 c6 2. Nf3 d5 3. e5 Bg4 4. d4 e6 5. Be2 c5 6. O-O Bxf3 7. Bxf3 cxd4 8. Qxd4
Nc6 9. Qe3 Nge7 10. Be2 Qc7 11. f4 Nf5 12. Qd2 Bc5+ 13. Kh1 h5 14. Bd3 Nce7 15.
Rf3 h4 16. Rh3 O-O-O 17. Nc3 Kb8 18. Nb5 Qb6 19. b4 Bf2 20. a4 Ng3+ 21. hxg3
hxg3 22. a5 Qc6 23. Bb2 Rxh3+ 0-1

[Event "Tata Steel India Blitz"]
[Site "Kolkata IND"]
[Date "2026.01.11"]
[Round "11.5"]
[White "Niemann, Hans Moke"]
[Black "Vidit, Santosh Gujrathi"]
[Result "1-0"]
[WhiteTitle "GM"]
[BlackTitle "GM"]
[WhiteElo "2725"]
[BlackElo "2708"]
[WhiteFideId "2093596"]
[BlackFideId "5029465"]
[EventDate "2026.01.10"]

1. e4 e5 2. Nf3 Nc6 3. Bb5 Nf6 4. O-O Nxe4 5. d4 Nd6 6. Bxc6 dxc6 7. dxe5 Nf5 8.
Qxd8+ Kxd8 9. h3 Ke8 10. Nc3 b6 11. Bf4 Bb4 12. Ne4 Be6 13. c3 Be7 14. g4 Nh4
15. Nxh4 Bxh4 16. Bg3 Bxg3 17. Nxg3 Rd8 18. Rfd1 Ke7 19. f4 a5 20. b3 g6 21. Kf2
Rxd1 22. Rxd1 h5 23. gxh5 gxh5 24. h4 Bg4 25. Re1 Ke6 26. Ke3 f6 27. f5+ Kxe5
28. Kf2+ Kd5 29. Re7 a4 30. Ke3 axb3 31. axb3 Ra8 32. Rd7+ Kc5 33. Ne4+ Kb5 34.
Rxc7 Ra3 35. Nd6+ Kc5 36. Ne4+ Kb5 37. c4+ Kb4 38. Rxc6 Rxb3+ 39. Kd4 Rf3 40.
Rxb6+ Ka5 41. Rxf6 Bxf5 42. Nd6 Rd3+ 43. Kc5 Bg4 44. Rf1 Ka4 45. Nb5 Kb3 46.
Nd4+ Kb2 47. Rf2+ Kc1 48. Kd5 Rh3 49. c5 Rxh4 50. c6 Rh3 51. c7 Rc3 52. Nb5 Rc2
53. Rf1+ Kb2 54. Kd6 Rd2+ 55. Kc5 Rc2+ 56. Kb6 h4 57. Rf4 Bd7 58. Rxh4 Rc6+ 59.
Kb7 Rc5 60. Nd6 Kb3 61. Rh7 Bg4 62. Rg7 Be6 63. Kb6 Rc1 64. Nb5 Bc8 65. Rg8 Bd7
66. Rg7 Bc8 67. Nd6 Be6 68. Re7 Bg4 69. Re5 Ka4 70. Re4+ 1-0

[Event "Tata Steel India Blitz"]
[Site "Kolkata IND"]
[Date "2026.01.11"]
[Round "12.1"]
[White "Murzin, Volodar"]
[Black "Niemann, Hans Moke"]
[Result "1-0"]
[WhiteTitle "GM"]
[BlackTitle "GM"]
[WhiteElo "2652"]
[BlackElo "2725"]
[WhiteFideId "44155573"]
[BlackFideId "2093596"]
[EventDate "2026.01.10"]

1. e4 c5 2. Nf3 d6 3. Bb5+ Nd7 4. Ba4 Nf6 5. O-O g6 6. Re1 Bg7 7. c3 a6 8. d4 b5
9. Bc2 cxd4 10. cxd4 Bb7 11. e5 dxe5 12. dxe5 Nd5 13. e6 fxe6 14. Ng5 Nc5 15.
Qf3 Nf6 16. Qh3 Nfe4 17. Nxe4 Nxe4 18. Qxe6 Bd5 19. Qg4 Qc8 20. Qe2 O-O 21. Bxe4
Bc4 22. Qc2 Ra7 23. Be3 Rc7 24. Nc3 Qe6 25. Bf3 Rxf3 26. gxf3 b4 27. Ne4 Rc6 28.
Rad1 h6 29. b3 Bb5 30. Rd8+ Kh7 31. Qd1 Qh3 32. Qd5 Re6 33. Ng3 Bc6 34. Qd1 Rf6
35. Qe2 Bxf3 36. Qf1 Qg4 37. Bd4 Rf7 38. Bxg7 Kxg7 39. h3 Qg5 40. Qc4 e5 41. Qc5
e4 42. Qxg5 1-0

[Event "Tata Steel India Blitz"]
[Site "Kolkata IND"]
[Date "2026.01.11"]
[Round "12.2"]
[White "Vidit, Santosh Gujrathi"]
[Black "Praggnanandhaa, R"]
[Result "1-0"]
[WhiteTitle "GM"]
[BlackTitle "GM"]
[WhiteElo "2708"]
[BlackElo "2758"]
[WhiteFideId "5029465"]
[BlackFideId "25059530"]
[EventDate "2026.01.10"]

1. Nf3 Nf6 2. b3 g6 3. Bb2 Bg7 4. c4 O-O 5. g3 d6 6. Bg2 e5 7. d3 Nc6 8. O-O a5
9. a3 Bd7 10. Nc3 Qc8 11. Re1 Bh3 12. Bh1 h6 13. Rc1 Qd7 14. Nd2 Ng4 15. Nd5 f5
16. e3 Rab8 17. Qe2 Ne7 18. b4 axb4 19. axb4 c6 20. Nxe7+ Qxe7 21. b5 Qd7 22.
Rb1 Rbe8 23. bxc6 bxc6 24. Ba3 Ra8 25. Rb3 Ra7 26. Reb1 Rfa8 27. Bb2 Ra2 28. Qd1
Kh7 29. Rb6 R2a6 30. Bxc6 Qc7 31. Rxa6 Rxa6 32. Bg2 Bxg2 33. Kxg2 Ra2 34. Kg1
Qa7 35. Qe1 h5 36. h3 Nf6 37. Ra1 Nd7 38. Rxa2 Qxa2 39. Qa1 Qxa1+ 40. Bxa1 Nc5
41. d4 exd4 42. Bxd4 Bxd4 43. exd4 Na4 44. h4 Kg7 45. Kf1 Kf6 46. Ke2 Nc3+ 47.
Ke3 Nd1+ 48. Kf3 Ke6 49. Nf1 Nc3 50. Ne3 Ne4 51. Ke2 g5 52. hxg5 Nxg5 53. Nd5
Ne4 54. Nf4+ Kf6 55. Nxh5+ Ke6 56. Nf4+ Kf6 57. Ke3 Ng5 58. f3 Nf7 59. Nd5+ Kg6
60. Kf4 Ng5 61. Ne7+ Kf6 62. Nd5+ Kg6 63. Ke3 Kf7 64. c5 dxc5 65. dxc5 Ke6 66.
c6 Kd6 67. c7 Kd7 68. Kf4 1-0

[Event "Tata Steel India Blitz"]
[Site "Kolkata IND"]
[Date "2026.01.11"]
[Round "12.3"]
[White "Aravindh, Chithambaram VR."]
[Black "Anand, Viswanathan"]
[Result "1/2-1/2"]
[WhiteTitle "GM"]
[BlackTitle "GM"]
[WhiteElo "2700"]
[BlackElo "2743"]
[WhiteFideId "5072786"]
[BlackFideId "5000017"]
[EventDate "2026.01.10"]

1. e4 c6 2. d4 d5 3. e5 c5 4. Nf3 cxd4 5. Nxd4 Nc6 6. Nxc6 bxc6 7. Bd3 e6 8. O-O
Ne7 9. Nd2 a5 10. Qe2 Ng6 11. Nf3 Be7 12. g3 O-O 13. h4 f6 14. exf6 Bxf6 15. h5
e5 16. hxg6 e4 17. Bxe4 dxe4 18. Qxe4 hxg6 19. Bf4 Bf5 20. Qc4+ Qd5 21. Qxd5+
cxd5 22. c3 a4 23. Nd4 Bd3 24. Rfe1 Rfe8 25. Bd6 g5 26. f3 Rad8 27. Bb4 Rb8 28.
a3 Rbc8 29. g4 Bxd4+ 30. cxd4 Be2 31. Kf2 Rc2 32. Rac1 Rxb2 33. Kg3 Rb3 34. Rc3
Rxc3 35. Bxc3 Kf7 36. Bd2 Bc4 37. Rxe8 Kxe8 38. Bxg5 Kf7 39. f4 g6 40. f5 gxf5
41. gxf5 Bb3 1/2-1/2

[Event "Tata Steel India Blitz"]
[Site "Kolkata IND"]
[Date "2026.01.11"]
[Round "12.4"]
[White "Wei, Yi"]
[Black "So, Wesley"]
[Result "1/2-1/2"]
[WhiteTitle "GM"]
[BlackTitle "GM"]
[WhiteElo "2754"]
[BlackElo "2753"]
[WhiteFideId "8603405"]
[BlackFideId "5202213"]
[EventDate "2026.01.10"]

1. d4 Nf6 2. c4 e6 3. Nf3 d5 4. Nc3 c5 5. cxd5 cxd4 6. Qa4+ Bd7 7. Qxd4 exd5 8.
Nxd5 Qa5+ 9. Nc3 Nc6 10. Qd3 Bf5 11. Qb5 Qxb5 12. Nxb5 Bb4+ 13. Bd2 Rd8 14. Bxb4
Nxb4 15. Nbd4 Be4 16. e3 Bxf3 17. gxf3 Rxd4 18. exd4 Nc2+ 19. Kd2 Nxa1 20. Bc4
Ke7 21. Re1+ Kd6 22. Rxa1 Nd5 23. Re1 Nb4 24. Bxf7 Rf8 25. Bc4 Rxf3 26. Re6+ Kd7
27. d5 Rxf2+ 28. Kc3 a5 29. Bb5+ Kd8 30. d6 Nc6 31. Bxc6 bxc6 32. Re7 Rxh2 33.
Rxg7 h5 34. Ra7 h4 35. Rxa5 Kd7 36. Rh5 Kxd6 37. a4 h3 1/2-1/2

[Event "Tata Steel India Blitz"]
[Site "Kolkata IND"]
[Date "2026.01.11"]
[Round "12.5"]
[White "Nihal, Sarin"]
[Black "Erigaisi, Arjun"]
[Result "1-0"]
[WhiteTitle "GM"]
[BlackTitle "GM"]
[WhiteElo "2716"]
[BlackElo "2775"]
[WhiteFideId "25092340"]
[BlackFideId "35009192"]
[EventDate "2026.01.10"]

1. c4 b6 2. Nc3 Bb7 3. d4 e6 4. a3 Nf6 5. Bf4 Be7 6. e3 O-O 7. Nf3 Nh5 8. Bg3 d6
9. Be2 Nd7 10. O-O Nxg3 11. hxg3 g6 12. Nd2 d5 13. cxd5 exd5 14. b4 c6 15. Qb3
Bd6 16. b5 c5 17. Nxd5 cxd4 18. exd4 Qg5 19. Ne3 Rad8 20. Bf3 Bxf3 21. Nxf3 Qh5
22. Qd5 Qxd5 23. Nxd5 Rc8 24. Rfc1 Rfd8 25. a4 Kg7 26. Kf1 Nf6 27. Nxf6 Kxf6 28.
Ke2 h5 29. Kd3 Ke7 30. Rxc8 Rxc8 31. a5 Bb4 32. axb6 axb6 33. Ra7+ Ke6 34. Ng5+
Kf5 35. Ne4 Ke6 36. Rb7 Ba5 37. Rxf7 Kxf7 38. Nd6+ Ke6 39. Nxc8 Kd7 40. Na7 Kd6
41. f3 g5 42. g4 hxg4 43. fxg4 Kd5 44. Nc8 Ke6 45. Ke4 Kd7 46. Na7 Ke6 47. Nc6
Be1 48. Ne5 Bg3 49. Nc4 Bc7 50. d5+ Kf6 51. d6 Bd8 52. Kd5 1-0

[Event "Tata Steel India Blitz"]
[Site "Kolkata IND"]
[Date "2026.01.11"]
[Round "13.1"]
[White "Erigaisi, Arjun"]
[Black "Anand, Viswanathan"]
[Result "1-0"]
[WhiteTitle "GM"]
[BlackTitle "GM"]
[WhiteElo "2775"]
[BlackElo "2743"]
[WhiteFideId "35009192"]
[BlackFideId "5000017"]
[EventDate "2026.01.10"]

1. d4 d5 2. c4 e6 3. Nc3 Nf6 4. Nf3 Nbd7 5. Qc2 dxc4 6. e4 c5 7. Bxc4 cxd4 8.
Nxd4 Ne5 9. Bb5+ Bd7 10. O-O a6 11. Bxd7+ Qxd7 12. Rd1 Rc8 13. Bf4 Ng6 14. Bg3
Nh5 15. Nf5 Qc6 16. Nd6+ Bxd6 17. Bxd6 e5 18. g3 Nf6 19. Ba3 Nf8 20. Rd6 Qc4 21.
Rb6 Rc7 22. Bd6 Rc6 23. Rxc6 Qxc6 24. Bxe5 N8d7 25. Bd4 O-O 26. Rd1 Rc8 27. e5
Nd5 28. Qe4 Nxc3 29. Qxc6 Ne2+ 30. Kf1 Nxg3+ 31. hxg3 bxc6 32. f4 h5 33. Ke2 g6
34. Be3 Nf8 35. Kf3 Ne6 36. Rd7 c5 37. Ra7 Rc6 38. Ke4 Rb6 39. b3 Rb5 40. Rxa6
Kg7 41. Ra4 Rb7 42. Ra5 Rb4+ 43. Kd5 Rb8 44. Bxc5 1-0